Estudios sobre la legítima catalana
Publicado:
[Barcelona] :
Universidad de Barcelona. Cátedra de Derecho Civil Catalán 'Duran i Bas' ,
1973
Descripción Física:
409 p. ; 23 cm
MARC
| LEADER | 00000nam a2200000Ia 4500 | ||
|---|---|---|---|
| 001 | 1811 | ||
| 008 | 160829s1973 xx 000 0 cat d | ||
| 080 | |a D-1-73 | ||
| 245 | |a Estudios sobre la legítima catalana | ||
| 260 | |a [Barcelona] : |b Universidad de Barcelona. Cátedra de Derecho Civil Catalán 'Duran i Bas', |c 1973 | ||
| 300 | |a 409 p. ; |c 23 cm | ||
| 590 | |a Bajo el patrocinio de la Excma. Diputación Provincial y el Excmo. Ayuntamiento | ||
| 650 | |a Llegítima |x Catalunya |9 32467 | ||
| 650 | 0 | |a Dret civil |z Catalunya |9 10507 | |
| 700 | |a Universitat de Barcelona. Càtedra de Dret Civil Català Duran i Bas |9 32723 | ||
| 710 | 1 | |a Barcelona (Catalunya). |b Ajuntament |9 50981 | |
| 710 | 1 | |a Barcelona (Catalunya : Província). |b Diputació |9 52408 | |
| 901 | |a Arxiu | ||
| 942 | |n 1 | ||
| 952 | |0 0 |1 0 |4 0 |6 D173 |7 1 |9 46080 |a Arxiu |b Arxiu |d 2016-12-01 |l 0 |o D-1-73 |p 1811 |r 2016-12-01 00:00:00 |w 2016-12-01 |y ARXIU | ||
| 999 | |c 49582 |d 49582 | ||